Представление документа в формате RUSMARC

ПолеНазваниеЗначение
  Тип записи a
  Библиографический уровень m
001 Контрольный номер RU/SLIB/B/208769501
005 Дата корректировки 20220217162638.2
010 Индекс ISBN __
d Цена 0-10
101 Язык документа 0_
a Язык текста rus
200 Заглавие и сведения об ответственности 1_
a Заглавие Роман и Ольга
f Первые сведения об ответственности А. А. Бестужев-Марлинский ; худож. В. Н. Ходоровский
b Общее обозначение материала Текст
210 Выходные данные 1_
a Место издания М.
c Издательство Совет. Россия
d Дата издания 1990
215 Физическое описание __
a Объем 48 с.
606 Тематические рубрики __
a Основная рубрика Художественная литература
606 Тематические рубрики __
a Основная рубрика Русская литература XIX в. (произведения)
610 Ключевые слова 0_
a Ключевые слова повести; проза
686 Индексы других классификаций __
a Классификационный индекс 84(2Рос=Рус)1-4; ст84(2Рос=Рус)1-4
700 Автор _1
a Фамилия Бестужев-Марлинский
b Имя А. А.
4 Код отношения 070
702 Вторичная интеллектуальная ответственность _1
a Фамилия Ходоровский
b Имя В. Н.
4 Код отношения Художник
4 Код отношения 040
801 Источник записи _0
a Страна RU
b Организация Муниципальное бюджетное учреждение культуры "Централизованная библиотечная система" г. Сургут (Центральная городская библиотека им. А. С. Пушкина)
g Правила каталогизации КиК/Михайлова
801 Источник записи _1
a Страна RU
b Организация Муниципальное бюджетное учреждение культуры "Централизованная библиотечная система" г. Сургут (Центральная городская библиотека им. А. С. Пушкина)
g Правила каталогизации КиК/Михайлова
852 Данные о местонахождении __
j Шифр хранения 84(2Рос=Рус)1-4
i Авторский знак Б 53
p Инвентарный номер Б/Н
901 Тип документа __
t Тип документа m
990 Данные о заказе (DOS) __
j Количество экземпляров (DOS) 2
t N записи в КСУ для И/У (DOS) ретро